Taller de manejo integrado de plagas 1993: memorias
Salvato in:
| Autori principali: | , |
|---|---|
| Natura: | Libro |
| Lingua: | spagnolo |
| Pubblicazione: |
Balcarce
Programa Cooperativo de Investigación en papa
1993
|
| Soggetti: | |
| Tags: |
Aggiungi Tag
Nessun Tag, puoi essere il primo ad aggiungerne!!
|
MARC
| LEADER | 00000nam a2200000 a 4500 | ||
|---|---|---|---|
| 001 | UCR4581 | ||
| 003 | CL-VaPUC | ||
| 005 | 20250228100939.0 | ||
| 008 | 980313e19930000ag 1 spa d | ||
| 082 | 0 | 4 | |a 632.9 |b MAN |2 21 |
| 100 | |a Manetti, Pablo |e autor |9 618779 | ||
| 700 | 1 | |a Ezeta, Fernándo |e author |9 618780 | |
| 245 | 1 | 0 | |a Taller de manejo integrado de plagas 1993: memorias |
| 260 | |a Balcarce |b Programa Cooperativo de Investigación en papa |c 1993 | ||
| 300 | |a 98 p | ||
| 583 | |a last modification |c 19980313 00:00:00 |k Rodrigo Vera | ||
| 650 | 0 | 0 | |a Control de plagas |9 327373 |
| 650 | 0 | 0 | |a Cultivos |9 264356 |
| 650 | 0 | 0 | |a Papas |9 258738 |
| 650 | 0 | 0 | |a Pesticidas |9 358300 |
| 650 | 0 | 0 | |a Virosis |9 340455 |
| 650 | 0 | 0 | |a Insectos |9 264174 |
| 650 | 0 | 7 | |a NEMATODOS |2 CL-VaPUC |9 395508 |
| 650 | 0 | 7 | |a MOSCA |2 CL-VaPUC |9 618781 |
| 650 | 0 | 7 | |a POLILLA |2 CL-VaPUC |9 402745 |
| 650 | 0 | 7 | |a GORGOJO |2 CL-VaPUC |9 618782 |
| 942 | |c BK | ||
| 945 | |a rbrito |d 19980313 00:00:00 | ||
| 546 | |a En Español | ||
| 536 | |a Programa Cooperativo de Investigación en Papa | ||
| 518 | |p Memorias taller de manejo integrado de plagas, Balcarce Argentina, 24 al 26 de febrero de 1993 | ||
| 999 | |c 383108 |d 383106 | ||